[Event "ICS rated blitz match"]
[Site "207.99.83.227"]
[Date "1999.05.06"]
[Round "?"]
[White "ColonialPast"]
[Black "Hossa"]
[Result "0-1"]
[WhiteElo "2107"]
[BlackElo "2453"]
[PlyCount "108"]

1. e4 e5 2. Nf3 Nf6 3. Nxe5 d6 4. Nf3 Nxe4 5. d4 d5 6. Bd3 Bb4+ 7. Bd2 Nxd2 8.
Nbxd2 Qe7+ 9. Qe2 Qxe2+ 10. Kxe2 O-O 11. Rhe1 Bg4 12. c3 Bd6 13. Kf1 Nd7 14. h3
Bh5 15. Re2 Bf4 16. g4 Bg6 17. Bxg6 fxg6 18. Rae1 a6 19. Kg2 Nb6 20. b3 Rac8
21. Nf1 a5 22. Ne5 c5 23. Nd3 cxd4 24. cxd4 Bg5 25. Nc5 Bf6 26. Nxb7 Bxd4 27.
Nd6 Rcd8 28. Nb5 Bc5 29. Rc1 Rc8 30. Rec2 Bxf2 31. Rxc8 Nxc8 32. Rc2 Be1 33.
Ne3 Ne7 34. Nd4 Rf4 35. Nf3 d4 36. Nc4 Bc3 37. Nce5 Re4 38. Kf2 Nd5 39. Re2
Rxe2+ 40. Kxe2 Nf4+ 41. Kd1 Nxh3 42. Kc2 h5 43. Kd3 hxg4 44. Nxg4 Nf4+ 45. Kc2
Ne6 46. Nf2 Bb4 47. Kd3 Bc5 48. Ne4 Bb6 49. Nd6 g5 50. Nb5 g4 51. Nfxd4 Nxd4
52. Nxd4 g3 53. Nf3 g2 54. a3 54... g5 {ColonialPast resigns} 0-1

[Event "ICS rated blitz match"]
[Site "207.99.83.227"]
[Date "1999.05.06"]
[Round "?"]
[White "Hossa"]
[Black "ColonialPast"]
[Result "1-0"]
[WhiteElo "2457"]
[BlackElo "2103"]
[PlyCount "65"]

1. e4 c6 2. Nf3 d5 3. exd5 cxd5 4. d4 Nf6 5. Bf4 Bg4 6. Bb5+ Nc6 7. O-O e6 8.
Nbd2 Bd6 9. Bxc6+ bxc6 10. Bxd6 Qxd6 11. Qe2 O-O 12. Rad1 Rab8 13. b3 c5 14.
dxc5 Qxc5 15. c4 Rfd8 16. Qe5 Qa5 17. Ra1 Qb4 18. Rfc1 Rbc8 19. a3 Qb7 20. Rc3
dxc4 21. bxc4 Qc7 22. Re1 Qc5 23. Qxc5 Rxc5 24. Nb3 Rc7 25. Nfd4 a6 26. Rcc1
Rdc8 27. c5 Nd5 28. h3 Bh5 29. c6 Bg6 30. Nc5 a5 31. Nb7 a4 32. Nd6 Ra8 33.
N4b5 {ColonialPast resigns} 1-0

[Event "ICS rated blitz match"]
[Site "207.99.83.227"]
[Date "1999.05.06"]
[Round "?"]
[White "Marco-Aurelio"]
[Black "Hossa"]
[Result "0-1"]
[WhiteElo "2174"]
[BlackElo "2461"]
[PlyCount "40"]

1. e4 e5 2. Nf3 Nf6 3. d4 exd4 4. e5 Ne4 5. Qxd4 d5 6. Be3 Bc5 7. Qd3 Nc6 8. c3
O-O 9. Nbd2 Bxe3 10. Qxe3 Nxd2 11. Qxd2 Re8 12. O-O-O Nxe5 13. Qxd5 Qxd5 14.
Rxd5 Nxf3 15. gxf3 Be6 16. Rb5 b6 17. a3 c5 18. c4 Rad8 19. Kc2 Bf5+ 20. Kc1
20... Re1# {Marco-Aurelio checkmated} 0-1

[Event "ICS rated blitz match"]
[Site "207.99.83.227"]
[Date "1999.05.06"]
[Round "?"]
[White "Hossa"]
[Black "Marco-Aurelio"]
[Result "1-0"]
[WhiteElo "2466"]
[BlackElo "2164"]
[PlyCount "63"]

1. e4 Na6 2. Bxa6 bxa6 3. Nc3 e6 4. Nge2 Nf6 5. O-O h5 6. e5 Ng4 7. d4 Qh4 8.
h3 Bb7 9. Bf4 c5 10. Qd2 cxd4 11. Bg5 dxc3 12. bxc3 Qxg5 13. Qxg5 Nh6 14. Qxh5
g6 15. Qh4 Be7 16. Qc4 O-O 17. Rab1 Bd5 18. Qa4 Nf5 19. Nd4 Nxd4 20. cxd4 Rfc8
21. Rb2 Rc7 22. Qxa6 Rac8 23. Rc1 Bg5 24. Rcb1 Rxc2 25. Rxc2 Rxc2 26. Qxa7 Rxa2
27. Qxd7 Bh4 28. Qe8+ Kg7 29. Rb8 Bxf2+ 30. Kh2 Kh6 31. Qh8+ Kg5 32. Qf6+ {
Marco-Aurelio resigns} 1-0

[Event "ICS rated blitz match"]
[Site "207.99.83.227"]
[Date "1999.05.06"]
[Round "?"]
[White "Hossa"]
[Black "JudgeTurpin"]
[Result "0-1"]
[WhiteElo "2471"]
[BlackElo "2668"]
[Annotator "Crafty v16.6"]
[PlyCount "93"]

{annotating for player ossa using a scoring margin of +0.20 pawns. search time
limit is 20.00} 1. e4 1... e5 2. f4 exf4 3. Nf3 Be7 4. Bc4 ({9:-1.55} 4. Bc4
4... Bh4+ 5. Ke2 Nc6 6. d3 Bf6 7. Qd2 g5 8. Kd1 8... Nge7 $19) ({9:-1.04} 4. h4
4... d6 5. d4 Bg4 6. Nbd2 Nf6 7. Bc4 O-O 8. Rf1 $17) 4... Nf6 5. e5 ({9:-1.41} 
5. e5 5... Ne4 6. O-O d5 7. exd6 Nxd6 8. Bb3 Bg4 9. Ba4+ Nd7 10. b4 $17) ({
9:-0.72} 5. d3 5... d5 6. exd5 Nxd5 7. Bxd5 Qxd5 8. Bxf4 Qe6+ 9. Qe2 Qxe2+ 10.
Kxe2 Na6 11. Bg5 11... Bc5 $17) 5... Ng4 6. d4 ({8:-2.49} 6. d4 6... Bh4+ 7.
Nxh4 Qxh4+ 8. Kd2 Ne3 9. Qe2 Nxc4+ 10. Qxc4 Qf2+ 11. Kc3 Qxg2 12. Rf1 $19) ({
8:-1.33} 6. Rf1 6... d5 7. exd6 cxd6 8. Nd4 O-O 9. Rxf4 Bh4+ 10. g3 Re8+ 11.
Be2 $17) 6... d5 7. exd6 Qxd6 8. Qd3 Be6 9. O-O ({7:-2.30} 9. O-O 9... Bxc4 10.
Qxc4 O-O 11. a4 Nc6 12. Nc3 12... Rae8 $19) ({7:-1.05} 9. Na3 9... O-O 10. Qe2
Ne3 11. Bxe3 fxe3 12. O-O-O Qb6 13. Bxe6 13... Qxe6 $17) 9... Bxc4 10. Qxc4 Nc6
11. Nc3 O-O-O 12. Ne2 Ne3 13. Bxe3 fxe3 14. Qxf7 Bf6 15. c3 Kb8 16. Rae1 Na5
17. b3 g6 18. b4 Rdf8 19. Qxf8+ Rxf8 20. bxa5 Re8 21. Rb1 Qa3 22. a6 Qxa6 23.
Rb2 Qd6 24. Rfb1 b6 25. Rf1 g5 26. a4 g4 27. Ne1 Bh4 28. Nd3 Qc6 29. a5 g3 30.
hxg3 Bg5 31. Ne5 Qh6 32. a6 Be7 33. Rf4 Kc8 34. c4 Bd6 35. Rh4 Qf6 36. Rxh7
Bxe5 37. dxe5 Qxe5 38. Rb5 Qa1+ 39. Kh2 Qxa6 40. Rh4 Qa2 41. Nc3 Qc2 42. Nb1 e2
43. Na3 Qc1 44. Rb1 Qxa3 45. Rg4 e1=Q 46. Rxe1 Rxe1 47. Rf4 0-1

[Event "ICS rated blitz match"]
[Site "207.99.83.227"]
[Date "1999.05.06"]
[Round "?"]
[White "Motoman"]
[Black "Hossa"]
[Result "0-1"]
[WhiteElo "2125"]
[BlackElo "2470"]
[PlyCount "90"]

1. e4 e5 2. Nf3 Nf6 3. Nxe5 d6 4. Nf3 Nxe4 5. Qe2 Qe7 6. d3 Nf6 7. Bg5 Qxe2+ 8.
Bxe2 Be7 9. O-O O-O 10. Re1 Nc6 11. Nc3 Re8 12. d4 Bg4 13. Rad1 Nb4 14. Rd2
Nfd5 15. Nxd5 Nxd5 16. Bxe7 Rxe7 17. Bd1 Bxf3 18. Rxe7 Bxd1 19. Re1 Bh5 20. c4
Nf6 21. Re7 Re8 22. Rxe8+ Nxe8 23. Rd3 f6 24. d5 Kf7 25. f3 a5 26. Kf2 Bg6 27.
Re3 Bb1 28. a3 Ba2 29. Rc3 a4 30. Ke3 b5 31. cxb5 Bxd5 32. Kd4 Bb3 33. g4 g5
34. Rc1 Ke6 35. Rc6 Kd7 36. Rc3 Ng7 37. Rc1 Ne6+ 38. Ke3 d5 39. h4 h6 40. hxg5
hxg5 41. Rh1 Bc4 42. Rh7+ Kd6 43. Rh6 Ke5 44. Rh7 Bxb5 45. Re7 45... d4+ {
Motoman resigns} 0-1

[Event "ICS rated blitz match"]
[Site "207.99.83.227"]
[Date "1999.05.06"]
[Round "?"]
[White "Marco-Aurelio"]
[Black "Hossa"]
[Result "0-1"]
[WhiteElo "2154"]
[BlackElo "2474"]
[PlyCount "38"]

1. e4 e5 2. Nf3 Nf6 3. d3 Nc6 4. Bg5 Bb4+ 5. c3 Be7 6. Be2 O-O 7. O-O d5 8.
Nbd2 Be6 9. Qc2 Ng4 10. Bxe7 Qxe7 11. h3 Nf6 12. Ng5 Nxe4 13. Ngxe4 dxe4 14.
dxe4 Rad8 15. Rfd1 Qg5 16. Kf1 Qg6 17. Nc4 a6 18. Ne3 Rfe8 19. Nd5 19... Bxd5 {
Marco-Aurelio resigns} 0-1

[Event "ICS rated blitz match"]
[Site "207.99.83.227"]
[Date "1999.05.06"]
[Round "?"]
[White "Hossa"]
[Black "Motoman"]
[Result "0-1"]
[WhiteElo "2478"]
[BlackElo "2121"]
[Annotator "Crafty v16.6"]
[PlyCount "130"]

{annotating for player ossa using a scoring margin of +0.20 pawns. search time
limit is 20.00} 1. e4 1... c5 2. Nf3 Nc6 3. d4 cxd4 4. Nxd4 Nf6 5. Nc3 e5 6.
Ndb5 d6 7. Bg5 a6 8. Na3 ({9:-0.11} 8. Na3 8... Be7 9. Bc4 O-O 10. O-O b5 11.
Bxf6 Bxf6 12. Bd5 12... Bd7 $10) ({9:+0.34} 8. Bxf6 8... gxf6 9. Na3 b5 10. Nd5
Be6 11. Bd3 b4 12. Nc4 12... Bh6 $14) 8... b5 9. Bxf6 gxf6 10. Qd5 ({9:-0.30} 
10. Qd5 10... Bb7 11. Ne2 Na5 12. Qd3 d5 13. O-O-O b4 14. Nb1 14... dxe4 $10) (
{9:+0.59} 10. Nd5 10... Be6 11. Bd3 Bg7 12. O-O Ne7 13. c4 Nxd5 14. exd5 bxc4
15. dxe6 cxd3 16. exf7+ $14) 10... Qc7 11. Bxb5 axb5 12. Ncxb5 Qd7 13. Nc4 Ra5
14. Ncxd6+ Bxd6 15. Nxd6+ Kf8 16. Qd2 Qe6 17. Qh6+ Ke7 18. Nf5+ Kd7 19. O-O Kc7
20. a3 Ra4 21. Ng3 Nd4 22. b3 Ra8 23. Rfb1 Bb7 24. Qd2 h5 25. f3 h4 26. Nf1 h3
27. Ng3 hxg2 28. Qxg2 Rag8 29. Ra2 f5 30. c3 Nxf3+ 31. Qxf3 Bxe4 32. Qd1 f4 33.
Rbb2 fxg3 34. Kf1 g2+ 35. Rxg2 Bxg2+ 36. Rxg2 Rxg2 37. Kxg2 Qh3+ 38. Kf2 Qxh2+
39. Ke3 Qg3+ 40. Qf3 Qxf3+ 41. Kxf3 Rh3+ 42. Ke4 Rxc3 43. Kf5 Rxb3 44. a4 Ra3
45. a5 Rxa5 46. Ke4 Kd6 47. Kf3 f5 48. Ke3 Ra3+ 49. Ke2 Kd5 50. Kd2 Kd4 51. Ke2
e4 52. Kf2 f4 53. Ke1 Ra2 54. Kd1 Ke3 55. Kc1 f3 56. Kb1 Rh2 57. Kc1 f2 58. Kc2
f1=Q+ 59. Kb3 Qb5+ 60. Kc3 Qc5+ 61. Kb3 Rc2 62. Ka4 Ra2+ 63. Kb3 Ra3+ 64. Kb2
Qc3+ 65. Kb1 Ra1# 0-1

[Event "ICS rated blitz match"]
[Site "207.99.83.227"]
[Date "1999.05.06"]
[Round "?"]
[White "Marco-Aurelio"]
[Black "Hossa"]
[Result "0-1"]
[WhiteElo "2137"]
[BlackElo "2450"]
[PlyCount "24"]

1. e4 e5 2. Nf3 Nf6 3. Bc4 Nxe4 4. Bxf7+ Kxf7 5. Nxe5+ Kg8 6. Qe2 Nf6 7. d4 d6
8. Qc4+ d5 9. Qe2 Qe8 10. O-O c5 11. Bg5 Nc6 12. c3 12... cxd4 {
Marco-Aurelio resigns} 0-1

[Event "ICS Rated blitz match"]
[Site "207.99.83.227"]
[Date "1999.05.06"]
[Round "?"]
[White "Hossa"]
[Black "CaptainCrunch"]
[Result "1-0"]
[WhiteElo "2455"]
[BlackElo "2286"]
[PlyCount "65"]

1. e4 e5 2. f4 exf4 3. Nf3 Ne7 4. d4 Ng6 5. Bc4 Be7 6. O-O O-O 7. Nc3 c6 8. Bb3
d6 9. Ne2 Nd7 10. Nxf4 Nf6 11. Nxg6 hxg6 12. Qe2 d5 13. exd5 Nxd5 14. c4 Nb6
15. Be3 Bf6 16. Rae1 Be6 17. a4 Nd7 18. d5 cxd5 19. cxd5 Bg4 20. h3 Bxf3 21.
Rxf3 Ne5 22. Rff1 Re8 23. Rd1 Qd6 24. Qb5 b6 25. Bd2 Nd7 26. Qc6 Bd4+ 27. Kh1
Bc5 28. Bf4 Qe7 29. d6 Qd8 30. Bxf7+ Kxf7 31. Qd5+ Kf8 32. Bg5+ Nf6 33. Rxf6+ {
CaptainCrunch resigns} 1-0

[Event "ICS Rated blitz match"]
[Site "207.99.83.227"]
[Date "1999.05.06"]
[Round "?"]
[White "Hossa"]
[Black "JudgeTurpin"]
[Result "1-0"]
[WhiteElo "2464"]
[BlackElo "2619"]
[PlyCount "93"]

1. e4 e5 2. f4 exf4 3. Nf3 d6 4. Bc4 h6 5. d4 g5 6. O-O Bg7 7. c3 Nc6 8. Qa4
Bd7 9. Qb3 Na5 10. Bxf7+ Kf8 11. Qa3 Kxf7 12. Qxa5 Ne7 13. Nxg5+ hxg5 14. Qxg5
Qg8 15. Bxf4 Bf6 16. Be3 Qxg5 17. Bxg5 Nf5 18. Bxf6 Kxf6 19. exf5 Rae8 20. Nd2
Re2 21. Rf2 Rxf2 22. Kxf2 Rxh2 23. Nf3 Rh8 24. g4 Rg8 25. Rg1 Bc6 26. c4 b6 27.
Kg3 Re8 28. d5 Ba4 29. b3 Bd7 30. Kf4 Rh8 31. g5+ Kg7 32. Re1 Re8 33. Rxe8 Bxe8
34. Nd4 Kg8 35. Nb5 Bxb5 36. cxb5 Kf7 37. f6 Kg6 38. a4 Kf7 39. Kf5 Kf8 40. g6
Ke8 41. g7 Kf7 42. b4 a6 43. bxa6 c6 44. a7 Ke8 45. a8=Q+ Kd7 46. Qxc6+ Kd8 47.
g8=Q# {JudgeTurpin checkmated} 1-0

[Event "ICS Rated blitz match"]
[Site "207.99.83.227"]
[Date "1999.05.06"]
[Round "?"]
[White "Hossa"]
[Black "JudgeTurpin"]
[Result "0-1"]
[WhiteElo "2487"]
[BlackElo "2596"]
[Annotator "Crafty v16.6"]
[PlyCount "56"]

{annotating for player ossa using a scoring margin of +0.20 pawns. search time
limit is 20.00} 1. e4 1... e5 2. f4 exf4 3. Nf3 d6 4. Bc4 h6 5. d4 g5 6. O-O
Bg7 7. c3 Nc6 8. Qa4 Bd7 9. Qb3 Na5 10. Bxf7+ Kf8 11. Qa3 Kxf7 12. Qxa5 Bc6 13.
Nbd2 Ne7 14. Nxg5+ ({8:-1.44} 14. Nxg5+ 14... hxg5 15. Qxg5 Ng6 16. Qf5+ Qf6
17. Nf3 Ke8 18. Ng5 18... Rh4 $17) ({8:+0.03} 14. Qb4 14... Qd7 15. Qb3+ d5 16.
e5 Nf5 17. Ne4 Qe6 18. Nc5 $10) 14... hxg5 15. Qxg5 Ng6 16. Qf5+ Qf6 17. Qa5 ({
7:-1.76} 17. Qa5 17... b6 18. Qf5 Rae8 19. d5 Bb5 20. Rf3 Qxf5 21. exf5 $19) ({
7:-1.47} 17. g4 17... Rh4 18. g5 Qxf5 19. exf5 Rg4+ 20. Kf2 Rg2+ 21. Ke1 Nh4
22. f6 Re8+ 23. Kd1 $17) 17... Rac8 18. d5 Bd7 19. Qxa7 Bb5 20. Rd1 ({9:-1.58} 
20. Rd1 20... b6 21. Nf3 Nh4 22. Rd2 Nxf3+ 23. gxf3 Qh4 24. Rf2 Rhg8 25. Rg2
$19) ({9:-1.21} 20. Qxb7 20... Bxf1 21. Kxf1 Ne5 22. a4 Qh4 23. h3 f3 24. gxf3
24... Qxh3+ $17) 20... Ne5 21. c4 Ba6 22. Rf1 Nd3 23. e5 dxe5 24. Kh1 Rxh2+ 25.
Kxh2 Rh8+ 26. Kg1 Qh4 27. Rxf4+ exf4 28. Qxa6 Qf2# 0-1

[Event "ICS Rated blitz match"]
[Site "207.99.83.227"]
[Date "1999.05.06"]
[Round "?"]
[White "Hossa"]
[Black "JudgeTurpin"]
[Result "0-1"]
[WhiteElo "2476"]
[BlackElo "2607"]
[Annotator "Crafty v16.6"]
[PlyCount "79"]

{annotating for player ossa using a scoring margin of +0.20 pawns. search time
limit is 20.00} 1. e4 1... e5 2. f4 exf4 3. Nf3 Be7 4. Nc3 Bh4+ 5. Ke2 d5 6.
Nxd5 Bg4 7. h3 Bxf3+ 8. gxf3 Nf6 9. Nxf4 Qd4 10. c3 Qf2+ 11. Kd3 Bg5 12. Ng2 ({
8:-0.02} 12. Ng2 12... Nc6 13. Kc2 O-O-O 14. Qe2 Qc5 15. Qc4 Qf2 16. Qxf7 16...
Bxd2 $10) ({8:+0.30} 12. Qe2 12... Qc5 13. Nd5 Nbd7 14. Nxf6+ Bxf6 15. Kc2
O-O-O 16. Qc4 Rhf8 17. Qxc5 17... Nxc5 $10) 12... Nc6 13. Kc2 O-O-O 14. h4 Bh6
15. Rb1 Rhf8 16. Ne1 Ne5 17. Qe2 Qxe2 18. Bxe2 c5 19. Rg1 Nh5 20. Nd3 Nxd3 21.
Bxd3 Nf4 22. Bc4 Ng6 23. h5 Ne5 24. Be2 f5 25. Rf1 c4 26. Re1 fxe4 27. fxe4 Nd3
28. Bg4+ Kc7 29. Rd1 Nf2 30. Bf5 Nxd1 31. Kxd1 Bxd2 32. Bxd2 g6 33. hxg6 hxg6
34. Bxg6 Rf2 35. Ke1 Rdxd2 36. Bf5 Rde2+ 37. Kd1 Rh2 38. Bh3 Rxe4 39. Bf1 Rf4
40. Be2 0-1

[Event "ICS Rated blitz match"]
[Site "207.99.83.227"]
[Date "1999.05.06"]
[Round "?"]
[White "Hossa"]
[Black "JudgeTurpin"]
[Result "1/2-1/2"]
[WhiteElo "2466"]
[BlackElo "2617"]
[PlyCount "185"]

1. e4 e5 2. f4 exf4 3. Nf3 Nf6 4. e5 Nh5 5. Qe2 Be7 6. d4 O-O 7. g4 fxg3 8.
hxg3 Nxg3 9. Qh2 Nxh1 10. Bd3 g6 11. Bh6 Re8 12. Qxh1 d6 13. Nc3 dxe5 14. dxe5
Be6 15. O-O-O Nd7 16. Rg1 Bc5 17. Bg5 Qb8 18. Rg2 c6 19. Qh2 Bb4 20. Ne4 Bxa2
21. b3 Qc7 22. Kd1 Rf8 23. Bd2 Bxd2 24. Nexd2 Kh8 25. Ng5 h5 26. Nxf7+ Rxf7 27.
Bxg6 Rh7 28. Bxh7 Qxe5 29. Qxe5+ Nxe5 30. Rh2 Ng4 31. Rxh5 Nf6 32. Rh1 Nxh7 33.
Ne4 Rd8+ 34. Kc1 Kg8 35. Nc5 b6 36. Rg1+ Kf7 37. Rf1+ Ke7 38. Re1+ Kf6 39. Rf1+
Ke5 40. Re1+ Kf5 41. Rf1+ Kg4 42. Ne6 Rd6 43. Rg1+ Kf3 44. Ng7 Rd5 45. Ne6 Re5
46. Nd4+ Ke4 47. Nxc6 Rb5 48. Re1+ Kd5 49. Nxa7 Ra5 50. Rd1+ Ke4 51. Nc6 Ra8
52. Re1+ Kd5 53. Nb4+ Kc5 54. Re4 Nf6 55. Rc4+ Kb5 56. Kb2 Bxb3 57. cxb3 Rh8
58. Nc6 Rh2+ 59. Ka3 Rd2 60. Nd4+ Ka6 61. Nf3 Rf2 62. Ra4+ Kb7 63. Nd4 Nd5 64.
Rc4 Rd2 65. Nb5 Ne3 66. Rc1 Rc2 67. Rxc2 Nxc2+ 68. Kb2 Ne3 69. Kc3 Kc6 70. Nd4+
Kd5 71. Kd3 Ng4 72. Nb5 Nf2+ 73. Ke3 Nd1+ 74. Ke2 Kc5 75. Kxd1 Kxb5 76. Kd2 Kc6
77. b4 Kd6 78. b5 Kd5 79. Kd3 Kc5 80. Kc3 Kxb5 81. Kb3 Ka5 82. Ka3 Ka6 83. Kb2
Kb7 84. Kc2 Kc6 85. Kb2 Kd6 86. Kc2 Kd5 87. Kd3 b5 88. Kc3 Ke5 89. Kd3 b4 90.
Ke3 b3 91. Kd3 Kd5 92. Kc3 b2 93. Kxb2 {
Game drawn because neither player has mating material} 1/2-1/2

[Event "ICS Rated blitz match"]
[Site "207.99.83.227"]
[Date "1999.05.06"]
[Round "?"]
[White "Hossa"]
[Black "JudgeTurpin"]
[Result "0-1"]
[WhiteElo "2473"]
[BlackElo "2610"]
[Annotator "Crafty v16.6"]
[PlyCount "92"]

{annotating for player ossa using a scoring margin of +0.20 pawns. search time
limit is 20.00} 1. e4 1... c6 2. Nf3 d5 3. exd5 cxd5 4. Bb5+ Bd7 5. Bxd7+ Nxd7
6. O-O e6 7. d4 Ngf6 8. Bg5 Qb6 9. b3 Ne4 10. Be3 Rc8 11. Qd3 Qc6 12. c4 Bb4
13. Bd2 Be7 14. Bf4 O-O 15. Nbd2 Nxd2 16. Nxd2 Rfd8 17. Rae1 Bb4 18. Rc1 b5 19.
cxd5 Qxd5 20. Nf3 Nf6 21. Bg5 Be7 22. Rfe1 Rxc1 23. Rxc1 a6 24. Rc7 Qd6 25. Qc2
h6 26. Rc6 Qa3 27. Bc1 Qa5 28. a3 Bxa3 29. Bd2 b4 30. Qc4 Qf5 31. Rxa6 Qb1+ 32.
Be1 Ne4 33. Qc7 Rf8 34. Qe5 Bb2 35. Rb6 Bc3 36. Rb8 Rxb8 37. Qxb8+ Kh7 38. h3
Bxe1 39. Nxe1 Qxe1+ 40. Kh2 Nd2 41. Qc7 Nf1+ 42. Kh1 Ng3+ 43. Kh2 Ne2 44. Qc2+
f5 45. Qxe2 Qxe2 46. f3 Qc2 0-1

[Event "ICS Rated blitz match"]
[Site "207.99.83.227"]
[Date "1999.05.06"]
[Round "?"]
[White "KillerGrob"]
[Black "Hossa"]
[Result "1-0"]
[WhiteElo "2767"]
[BlackElo "2463"]
[Annotator "Crafty v16.6"]
[PlyCount "72"]

{annotating for player ossa using a scoring margin of +0.20 pawns. search time
limit is 20.00} 1. d4 1... Nf6 2. Nf3 e6 3. Bg5 d5 4. e3 Bd6 5. Nbd2 O-O 6. Be2
Nc6 7. c4 dxc4 8. Bxc4 e5 9. O-O exd4 10. exd4 Bg4 11. Nb3 a5 12. h3 Bh5 13. g4
Bg6 14. Nh4 Kh8 15. Nxg6+ fxg6 16. Bb5 Ne7 17. Nc5 Bxc5 18. dxc5 Qd5 19. Qxd5
Nexd5 20. Rfe1 c6 21. Bc4 Nd7 22. Rad1 Nxc5 23. Bxd5 cxd5 24. Rxd5 Na4 25. Re7
Nxb2 26. Rdd7 Rfd8 27. Rxb7 Rab8 28. Ra7 Rd5 29. Bf4 Rbd8 30. Rxg7 g5 31. Rxh7+
Kg8 32. Rag7+ Kf8 33. Bxg5 Rxg5 34. Rxg5 a4 35. Rgg7 Rd1+ 36. Kh2 Rd2 1-0

[Event "ICS Rated blitz match"]
[Site "207.99.83.227"]
[Date "1999.05.06"]
[Round "?"]
[White "Hossa"]
[Black "JudgeTurpin"]
[Result "0-1"]
[WhiteElo "2458"]
[BlackElo "2630"]
[Annotator "Crafty v16.6"]
[PlyCount "103"]

{annotating for player ossa using a scoring margin of +0.20 pawns. search time
limit is 20.00} 1. e4 1... d6 2. d4 Nf6 3. Nc3 Nbd7 4. Nf3 e5 5. Be3 Be7 6. Qd3
exd4 7. Bxd4 Nb6 8. Be2 Be6 9. O-O-O Bc4 10. Qd2 Bxe2 11. Qxe2 O-O 12. Qb5 ({
9:+0.25} 12. Qb5 12... Re8 13. Qf5 Qd7 14. Nb5 Red8 15. Rhe1 d5 16. Nc3 Qxf5
17. exf5 $10) ({9:+0.64} 12. e5 12... Nfd5 13. e6 Nf4 14. exf7+ Rxf7 15. Qf1
Bf6 16. g3 Bxd4 17. Nxd4 17... Nfd5 $14) 12... c6 13. Qf5 Nc4 14. Nd2 Nxd2 15.
Rxd2 Re8 16. Rd3 d5 17. f3 g6 18. Qh3 h5 19. Qg3 dxe4 20. fxe4 Bb4 21. Qf4 Ng4
22. Rf1 Qe7 23. h3 Bd6 24. Qd2 Ne5 25. Rg3 Rad8 26. Qh6 Bc7 27. Ne2 Qb4 28.
Qxh5 Rxd4 29. Nxd4 Qxd4 30. Qf5 Rd8 31. Qf2 Qd6 32. Qe2 Qe7 33. Kb1 Bb6 34. a3
Qh4 35. Qe1 Kg7 36. a4 Rd4 37. Qc3 Qxe4 38. a5 Bc7 39. a6 Qe2 40. Rc1 Rc4 41.
Qa3 b6 42. Qe7 Bb8 43. Qe8 Bd6 44. Qd8 Rd4 45. Rg5 Qxa6 46. b3 Nd3 47. Rf1 Nf4
48. Re1 Be5 49. Qxd4 Bxd4 50. c3 Qd3+ 51. Ka2 Bxc3 52. Rxg6+ 0-1

[Event "ICS Rated blitz match"]
[Site "207.99.83.227"]
[Date "1999.05.06"]
[Round "?"]
[White "JudgeTurpin"]
[Black "Hossa"]
[Result "1/2-1/2"]
[WhiteElo "2649"]
[BlackElo "2449"]
[PlyCount "278"]

1. e4 e5 2. Nf3 Nf6 3. d4 exd4 4. e5 Ne4 5. Qxd4 d5 6. exd6 Nxd6 7. Be2 Nc6 8.
Qe3+ Be7 9. O-O O-O 10. Rd1 Re8 11. Qb3 Be6 12. Qa3 Bf5 13. Qb3 Bf6 14. Be3 Qe7
15. c3 Rad8 16. Nbd2 a6 17. Re1 Ne5 18. Rad1 Nd3 19. Bxd3 Bxd3 20. c4 Ne4 21.
Qxb7 Bc2 22. Rc1 Nxd2 23. Nxd2 Rb8 24. Qxa6 Rxb2 25. c5 Qe6 26. Qxe6 fxe6 27.
a3 Ra2 28. Bf4 Bc3 29. c6 e5 30. Bg5 Re6 31. g3 Rxc6 32. Re2 Bb2 33. Rce1 Rxa3
34. Be7 Ra2 35. Nf3 e4 36. Ng5 Bd3 37. Rd2 Ra1 38. Rxa1 Bxa1 39. Rd1 Bd4 40.
Ba3 Bf6 41. Nh3 Be2 42. Re1 Bf3 43. Nf4 Bd4 44. Rb1 h6 45. Nd5 Rc2 46. Ne3 Bxe3
47. fxe3 Rg2+ 48. Kf1 Rxh2 49. Rc1 Rg2 50. Rxc7 Rxg3 51. Bb2 Rg2 52. Be5 Kh8
53. Bd4 Kh7 54. Rc5 Rg6 55. Rc7 h5 56. Rc2 Rg4 57. Ra2 g5 58. Ra7+ Kg6 59. Ra6+
Kf7 60. Ra7+ Ke6 61. Ra6+ Ke7 62. Ra7+ Kd6 63. Ra6+ Kd7 64. Ra7+ Kc6 65. Bf6 h4
66. Ra2 Kd7 67. Ra5 h3 68. Ra2 Rg2 69. Rxg2 Bxg2+ 70. Kf2 g4 71. Be5 Bf3 72.
Bg3 Ke6 73. Bf4 Bd1 74. Bc7 Kd5 75. Bb8 Bf3 76. Bc7 Kc6 77. Bb8 Kb5 78. Bd6 Kc4
79. Be5 Kc5 80. Bg3 Kb4 81. Bd6+ Kb3 82. Bf4 Bd1 83. Be5 Kc4 84. Bd6 Kc3 85.
Ke1 Bf3 86. Kf2 Kc2 87. Bf4 Kc1 88. Bd6 Kd1 89. Bh2 Be2 90. Bf4 Kd2 91. Be5 Kd3
92. Bd6 Bd1 93. Be5 Kc2 94. Bd6 Kd2 95. Be5 Bf3 96. Bg3 Kd3 97. Bh2 Bg2 98. Be5
Bh1 99. Bd6 Kc4 100. Kg3 Bf3 101. Kf2 Bd1 102. Bf4 Bb3 103. Kg3 Bd1 104. Kf2
Kb5 105. Kf1 Bc2 106. Kf2 Kb4 107. Bd6+ Kc3 108. Bb8 Kd3 109. Bf4 Bb3 110. Bd6
Be6 111. Bh2 Bc8 112. Bf4 Kd2 113. Bd6 Ba6 114. Kg3 Be2 115. Kf2 Bc4 116. Kg3
Be6 117. Kf2 Bc8 118. Be5 Bf5 119. Bh2 Kd3 120. Bd6 g3+ 121. Bxg3 Bg4 122. Bf4
Bf3 123. Kg3 Bg2 124. Kf2 Kc3 125. Be5+ Kc4 126. Bh2 Kd5 127. Kg3 Bf1 128. Kf2
Bb5 129. Bf4 Bd7 130. Kg3 Bf5 131. Kf2 Kc4 132. Bd6 Kc3 133. Be5+ Kd2 134. Bc7
Be6 135. Bf4 Kd3 136. Bd6 Kc4 137. Bh2 Kd5 138. Bb8 Bg4 139. Kg3 139... Bc8 {
Game drawn by mutual agreement} 1/2-1/2

[Event "ICS rated blitz match"]
[Site "207.99.83.227"]
[Date "1999.05.06"]
[Round "?"]
[White "Hossa"]
[Black "xypher"]
[Result "0-1"]
[WhiteElo "2457"]
[BlackElo "2756"]
[Annotator "Crafty v16.6"]
[PlyCount "77"]

{annotating for player ossa using a scoring margin of +0.20 pawns. search time
limit is 20.00} 1. e4 1... e5 2. f4 exf4 3. Nf3 d5 4. exd5 Nf6 5. Bc4 ({8:-0.68
} 5. Bc4 5... Nxd5 6. Qe2+ Be6 7. Nd4 Qh4+ 8. Kd1 Qe7 9. Re1 9... Kd7 $15) ({
8:-0.22} 5. c4 5... Bd6 6. Qe2+ Qe7 7. Qxe7+ Bxe7 8. d4 Nh5 9. Nc3 O-O 10. Bd3
$10) 5... Nxd5 6. O-O ({8:-1.30} 6. O-O 6... Be6 7. c3 Nb6 8. Bb5+ c6 9. Be2
Bc5+ 10. d4 10... Bd6 $17) ({8:-0.63} 6. Qe2+ 6... Be6 7. Nd4 Qh4+ 8. Kd1 f3 9.
Bb5+ c6 10. Nxf3 Qb4 11. Bc4 $15) 6... Be6 7. Bb3 ({8:-0.92} 7. Bb3 7... Bd6 8.
Bxd5 Bxd5 9. Qe2+ Kf8 10. c4 Be6 11. Nc3 11... Nc6 $17) ({8:-0.71} 7. Qe2 7...
Nc6 8. Bb5 Bd6 9. Bxc6+ bxc6 10. c4 Nb6 11. Nd4 11... Qf6 $17) 7... Nc6 8. Nc3
Nxc3 9. bxc3 ({9:-1.33} 9. bxc3 9... Qf6 10. Ba4 Bd6 11. Bxc6+ bxc6 12. Nd4 Bc5
13. Bb2 O-O 14. Qh5 $17) ({9:-0.73} 9. dxc3 9... Bc5+ 10. Kh1 Qf6 11. Re1 O-O
12. Bxe6 fxe6 13. Qd7 Rae8 14. Bd2 $17) 9... Qf6 10. Ba4 Bd6 11. Rb1 ({8:-1.44
} 11. Rb1 11... O-O 12. Rxb7 Bxa2 13. Bb3 Nd8 14. Rb5 14... a6 $17) ({8:-1.09} 
11. Nd4 11... Bc5 12. Bb2 O-O 13. Bxc6 bxc6 14. g3 Bh3 15. Rxf4 $17) 11... O-O
12. Rxb7 Bc4 13. d3 Nd8 14. Rb2 Ba3 15. Rb1 Bxc1 16. Qxc1 Bxa2 17. Rb5 Ne6 18.
Qa3 c6 19. Rh5 Bd5 20. Ne5 Rfc8 21. Qc1 g6 22. Nd7 Qe7 23. Rxd5 cxd5 24. c4
dxc4 25. Qb2 c3 26. Qb5 Rc7 27. Ne5 Qd6 28. Ng4 Qd4+ 29. Kh1 Nc5 30. Qa5 Re7
31. Bc6 Rc8 32. Bb5 h5 33. Ba6 Rc6 34. Bb5 Rce6 35. Nh6+ Kh7 36. Qa1 Kxh6 37.
Bc4 Re2 38. Qc1 Rd2 39. Rf3 0-1

[Event "ICS Rated blitz match"]
[Site "207.99.83.227"]
[Date "1999.05.06"]
[Round "?"]
[White "Hossa"]
[Black "xypher"]
[Result "0-1"]
[WhiteElo "2452"]
[BlackElo "2761"]
[Annotator "Crafty v16.6"]
[PlyCount "111"]

{annotating for player ossa using a scoring margin of +0.20 pawns. search time
limit is 20.00} 1. e4 1... c5 2. Nf3 e6 3. Nc3 a6 4. Be2 b5 5. O-O Bb7 6. d4 c4
7. a3 Bd6 8. e5 Be7 9. a4 b4 10. Na2 d5 11. exd6 Qxd6 12. Bxc4 Nf6 13. c3 bxc3
14. bxc3 Nbd7 15. Be2 O-O 16. Ne1 Rfd8 17. Nc2 Qc7 18. c4 Nb6 19. Ne3 Bd6 20.
h3 Bh2+ 21. Kh1 Rxd4 22. Qxd4 Be5 23. Qh4 Bxa1 24. Nc2 Be5 25. a5 Nbd5 26. Bd3
Qxa5 27. Qg5 Bd6 28. cxd5 Qxa2 29. dxe6 Qxe6 30. Bf5 Qe2 31. Ne3 Be4 32. Bxe4
Nxe4 33. Qd5 Re8 34. Kg1 Bc5 35. Ng4 Bxf2+ 36. Rxf2 Nxf2 37. Nxf2 Qe1+ 38. Kh2
Qxc1 39. Qf5 Qf1 40. Qd7 Qb5 41. Qg4 h5 42. Qh4 Qb8+ 43. g3 Re2 44. Kg1 Qb1+
45. Kg2 Qb6 46. g4 hxg4 47. hxg4 a5 48. Kf1 Rxf2+ 49. Qxf2 Qxf2+ 50. Kxf2 a4
51. Kf3 a3 52. Ke4 a2 53. g5 a1=Q 54. Kd5 Qa5+ 55. Ke4 Qxg5 56. Kd4 0-1